La merced : cuatro siglos de historia /

Guardado en:
Formato: Libro
Publicado: Huelva : Junta De Andalucia, Universidad De Sevilla, 1991
Materias:
Etiquetas: Agregar Etiqueta
Sin Etiquetas, Sea el primero en etiquetar este registro!
LEADER 00470nam a22001455a 4500
001 EHU.bham019721
003 AR-BHAM
005 20101117175050.0
008 130507s1991##################000#0#####d
082 9 4 |a 946.04 
245 0 0 |a La merced :  |b cuatro siglos de historia / 
260 |a Huelva :  |b Junta De Andalucia, Universidad De Sevilla,  |c 1991 
300 |a 114 p. 
653 |a Historia de espaÑa-1516-1598 [imperio] 
859 |a AR-BHAM  |b BIB. HUMANIDADES - General  |h 946.04  |i M534  |p 192.95  |t Ej.1